Quiz do Vaticano - Statistics

Estatísticas Gerais
  • Esse quiz foi jogado 2 867 vezes
  • A pontuação média é 12 de 19
Estatísticas das Respostas
Dica Resposta % Correto
Moeda oficial Euro
94%
Língua usada em comunicações oficiais Italiano
94%
Cidade fazendo fronteira com o Vaticano Roma
93%
Papa atual Leão XIV
92%
O Vaticano é o ____ país do mundo, com apenas 0.49 km quadrados de área Menor
88%
O Vaticano é o único país onde os caixas eletrônicos têm esse idioma como opção Latim
86%
Pensa-se que o Vaticano tem o maior consumo per capita desta bebida Vinho
82%
Maior igreja do mundo Basílica de {São} {Pedro}
78%
Pessoa que pintou o teto da Capela Sistina Michelangelo
78%
Antigo nome das terras controladas pelo papa antes do Tratado de Latrão de 1929 Estados {Papais}
60%
Termo para as coisas sob a jurisdição do papa, que inclui o Vaticano, mas também outras propriedades da Igreja Santa {Sé}
46%
Objetos que aparecem na bandeira Chaves
43%
Pessoas que elegem o papa Colégio dos {Cardeais}
42%
Apenas cerca de 5% da população do Vaticano são _____, a taxa mais baixa de qualquer país Mulheres
41%
Guarda-costas do papa Guarda {Suíça}
35%
Objetos que aparecem na bandeira Coroa
34%
Primeiro-ministro italiano que assinou o tratado acima Benito Mussolini
33%
Residência oficial do papa Palácio {Apostólico}
18%
Rio próximo do Vaticano Tibre
18%
Nenhum quiz correspondente encontrado
Distribuição das Pontuações
Porcentagem de Pessoas com Cada Pontuação
Percentil de Números Respondidos
Sua Pontuação Histórica
Você não jogou esse quiz